| 000 | 00520nam a22001697a 4500 | ||
|---|---|---|---|
| 005 | 20250318063022.0 | ||
| 008 | 250318b |||||||| |||| 00| 0 eng d | ||
| 022 | _a02577747 | ||
| 041 | _aAfrikaans/English | ||
| 082 | _a349 TYD | ||
| 100 | _lAfrikaan/English | ||
| 245 | _aTydskrif vir die Suid-Afrikaanse Reg / Journal of South African Law | ||
| 260 |
_aCape Town: _bJuta and Company Ltd, _c2025 |
||
| 300 |
_b230 pages; _c26 cm. |
||
| 650 |
_aLegal practice _bLaw |
||
| 942 |
_cBK _6ALISON_BN_VRIES |
||
| 999 |
_c3296 _d3296 |
||